=LDR 00000nam 2200000 4500 =001 INLIS000000000047058 =005 20150709102037.0 =006 =007 =008 =020 ##$$a 979-9316-54-5 =035 ##$$0010-071500000000028 =040 ##$$a NBPDMAT =082 ##$$a 791.437 026 =090 ##$$a 791.437 026 Ind p =245 ##$$a Peraturan Pemerintah Republik Indonesia Nomor 23 tahun 1999 tentang pelaksanaan Serah Simpan dan Pengelolaan Karya Rekam Film Cerita atau Film Dokumen / Indonesia =260 ##$$a Jakarta$bPerpustakaan Nasional RI$c2014 =300 ##$$a 48 hlm. ; 19 cm =650 ##$$a Film - Undang-undang dan Peraturan =710 ##$$a Indonesia =850 ##$$a NBPDMAT